Chemogenomics Profiling Of Drug Targets Of Peptidoglycan Biosynthesis Pathway In Leptospira Interrogans By Virtual Screening Approaches (Record no. 233847)
[ view plain ]
| 000 -LEADER | |
|---|---|
| fixed length control field | 00898nam a2200145Ia 4500 |
| 008 - FIXED-LENGTH DATA ELEMENTS--GENERAL INFORMATION | |
| fixed length control field | 231221s9999 xx 000 0 und d |
| 041 ## - LANGUAGE CODE | |
| Language code of text/sound track or separate title | English |
| 082 ## - DEWEY DECIMAL CLASSIFICATION NUMBER | |
| Classification number | JNBT13-1264 |
| 100 ## - MAIN ENTRY--PERSONAL NAME | |
| Personal name | Bhattacharjee B. Simon R M. Gangadharaiah, C. Karunakar, P. |
| 245 #0 - TITLE STATEMENT | |
| Title | Chemogenomics Profiling Of Drug Targets Of Peptidoglycan Biosynthesis Pathway In Leptospira Interrogans By Virtual Screening Approaches |
| 260 ## - PUBLICATION, DISTRIBUTION, ETC. | |
| Date of publication, distribution, etc. | 2013 |
| 500 ## - GENERAL NOTE | |
| General note | Chemogenomics Profiling Of Drug Targets Of Peptidoglycan Biosynthesis Pathway In Leptospira Interrogans By Virtual Screening Approaches Bhattacharjee B1, Simon RM, Gangadharaiah C, Karunakar P1. 1Department of Biotechnology, PES Institute of Technology, Bangalore, India J Microbiol Biotechnol. 2013 Jun 28; 23(6):779-84. |
| 650 ## - SUBJECT ADDED ENTRY--TOPICAL TERM | |
| Topical term or geographic name entry element | Chemogenomics,Profiling,Drug,Targets,Peptidoglycan,Biosynthesis,Pathway,Leptospira,Interrogans,Virtual,Screening |
| 942 ## - ADDED ENTRY ELEMENTS (KOHA) | |
| Koha item type | Institutional repository |
| Date last seen | Total checkouts | Full call number | Accession number | Price effective from | Category | Lost status | Damaged status | Department | Withdrawn status | Home library | Current library | Shelving location | Entry date | Grants | Currency symbol | Conversion rate | Discount | Old discount |
|---|---|---|---|---|---|---|---|---|---|---|---|---|---|---|---|---|---|---|
| 26/01/2024 | JNBT13-1264 | IR1264 | 26/01/2024 | Institutional repository | BT | Central Library | Central Library | Central Library | BT | RS | 1 | |||||||
| 26/01/2024 | JNBT13-1265 | IR1265 | 26/01/2024 | Institutional repository | BT | Central Library | Central Library | Central Library | BT | RS | 1 |
